00516nam a22001692 4500001001100000005001700011008004100028020001700069040001500086100003500101245010000136250001300236260003100249300001800280650004500298852000300343000002453720151217145948.0131220s xx 000 0 eng d a0199577361 : aKABUcKABU1 aMowbray, Alastair.@000018479410aCases, materials and commentary on the European convention on human rights /cAlastair Mowbray. a3rd ed. aOxford :bO. U. P.,c2012. axxxv, 895 p. 0aHuman rightsxCaseszEurope.@00001847951